[Event "SVK-chT1E 2223"]
[Site "Slovakia"]
[Date "2023.02.05"]
[Round "9.8"]
[White "Ammer, Erik1111"]
[Black "Minich, Miroslav"]
[Result "0-1"]
[WhiteElo "1498"]
[BlackElo "1957"]
[PlyCount "80"]
[EventDate "2022.10.15"]
[EventType "team-tourn"]
[EventRounds "11"]
[EventCountry "SVK"]
[SourceTitle "EXT 2024"]
[Source "ChessBase"]
[SourceDate "2023.10.10"]
[SourceVersion "1"]
[SourceVersionDate "2023.10.10"]
[SourceQuality "1"]
[WhiteTeam "Kosice Slavia TU"]
[BlackTeam "Zvolen Slavia"]
[WhiteTeamCountry "SVK"]
[BlackTeamCountry "SVK"]

1. e4 c6 2. d4 d5 3. exd5 cxd5 4. Nc3 Nf6 5. Nf3 Nc6 6. Bb5 Bg4 7. h3 Bh5 8. g4 Bg6 9. Ne5 Rc8 10. h4 h6 11. Nxg6 fxg6 12. Qd3 Kf7 13. g5 hxg5 14. Bxg5 a6 15. Ba4 b5 16. Bb3 e6 17. 0-0-0 Bd6 18. Rde1 Qd7 19. Re2 Rce8 20. Rd1 Ne7 21. Qf3 Nf5 22. Bxf6 gxf6 23. Nxd5 exd5 24. Bxd5+ Kg7 25. Bc6 Qf7 26. Bxe8 Qxa2 27. Qb3 Bf4+ 28. Re3 Qxb3 29. cxb3 Rxe8 30. d5 Nxe3 31. fxe3 Bxe3+ 32. Kc2 Rd8 33. Kc3 f5 34. Kb4 Rd6 35. Ka5 Kf6 36. b4 f4 37. h5 gxh5 38. b3 Ke5 39. Rd4 Rxd5 40. Rxd5+ Kxd5 0-1

[Event "SVK-chT1E 2223"]
[Site "Slovakia"]
[Date "2022.10.16"]
[Round "2.7"]
[White "Brhel, Jan"]
[Black "Minich, Miroslav"]
[Result "1/2-1/2"]
[WhiteElo "2044"]
[BlackElo "1957"]
[PlyCount "23"]
[EventDate "2022.10.15"]
[EventType "team-tourn"]
[EventRounds "11"]
[EventCountry "SVK"]
[SourceTitle "EXT 2024"]
[Source "ChessBase"]
[SourceDate "2023.10.10"]
[SourceVersion "1"]
[SourceVersionDate "2023.10.10"]
[SourceQuality "1"]
[WhiteTeam "Zilina Mladost II"]
[BlackTeam "Zvolen Slavia"]
[WhiteTeamCountry "SVK"]
[BlackTeamCountry "SVK"]

1. d4 c6 2. Nf3 d5 3. g3 Nf6 4. Bg2 Bg4 5. Ne5 Bh5 6. 0-0 Nbd7 7. c4 e6 8. Nxd7 Qxd7 9. c5 Be7 10. Nc3 0-0 11. b4 a5 12. Na4 1/2-1/2

[Event "SVK-chT1E 2122"]
[Site "Slovakia"]
[Date "2022.04.24"]
[Round "9.8"]
[White "Minich, Miroslav"]
[Black "Sibrava, Patrik"]
[Result "1-0"]
[WhiteElo "1940"]
[BlackElo "1831"]
[PlyCount "105"]
[EventDate "2022.01.29"]
[EventType "team-tourn"]
[EventRounds "11"]
[EventCountry "SVK"]
[SourceTitle "EXT 2023"]
[Source "ChessBase"]
[SourceDate "2022.10.05"]
[SourceVersion "1"]
[SourceVersionDate "2022.10.05"]
[SourceQuality "1"]
[WhiteTeam "Zvolen Slavia"]
[BlackTeam "Dunajov Inbest II"]
[WhiteTeamCountry "SVK"]
[BlackTeamCountry "SVK"]

1. c3 e5 2. d4 exd4 3. cxd4 d5 4. Nc3 Nf6 5. Nf3 c6 6. Bg5 Be7 7. e3 0-0 8. Bd3 h6 9. Bh4 Bg4 10. Qc2 Nbd7 11. h3 Be6 12. 0-0 Re8 13. Bg3 Nh5 14. Bh2 g5 15. Ne5 Nxe5 16. dxe5 Kh8 17. Ne2 c5 18. Rfd1 Rc8 19. Nc3 a6 20. Bc4 Rg8 21. g4 Ng7 22. Bxd5 Qd7 23. Qe4 Bxd5 24. Nxd5 Qe6 25. Nxe7 Qxe7 26. Rd6 Ne6 27. Rad1 Rgd8 28. Qf5 Kg7 29. Qf3 c4 30. Bg3 a5 31. R1d5 a4 32. a3 c3 33. bxc3 Rxc3 34. Qf6+ Qxf6 35. exf6+ Kg6 36. Rxd8 Nxd8 37. Rxd8 Rxa3 38. Be5 b5 39. Rg8+ Kh7 40. Rg7+ Kh8 41. Rxf7 Kg8 42. Rb7 Rd3 43. Bd4 Rd1+ 44. Kg2 Rc1 45. Rxb5 Kf7 46. Ra5 Rc4 47. Kf3 Ke6 48. Ke4 Rc2 49. f3 Rh2 50. Ra6+ Kf7 51. Kf5 Rxh3 52. Ra7+ Kg8 53. Kg6 1-0

[Event "SVK-chT2C 1920"]
[Site "Slovakia"]
[Date "2020.02.16"]
[Round "9.7"]
[White "Minich, Miroslav"]
[Black "Geffert, Anton"]
[Result "0-1"]
[WhiteElo "1950"]
[BlackElo "1912"]
[PlyCount "66"]
[EventDate "2019.10.26"]
[EventType "team-tourn"]
[EventRounds "11"]
[EventCountry "SVK"]
[SourceTitle "CBM 195 Extra"]
[Source "ChessBase"]
[SourceDate "2020.05.31"]
[SourceVersion "1"]
[SourceVersionDate "2020.05.31"]
[SourceQuality "1"]
[WhiteTeam "Zvolen Slavia"]
[BlackTeam "Banska Bystrica Veza"]
[WhiteTeamCountry "SVK"]
[BlackTeamCountry "SVK"]

1. c3 c5 2. d4 cxd4 3. cxd4 d5 4. e3 Nf6 5. Nf3 Nc6 6. Bb5 a6 7. Bxc6+ bxc6 8. Ne5 Bb7 9. Qa4 Qc7 10. Bd2 e6 11. Ba5 Qc8 12. Nd2 Bd6 13. Ndf3 Nd7 14. Nxd7 Qxd7 15. Rc1 0-0 16. Bb6 Rfe8 17. Bc5 Bc7 18. 0-0 f6 19. Rfd1 Rac8 20. Rc3 e5 21. Rb3 e4 22. Ne1 Bb8 23. Qb4 Ba8 24. Qb6 Qc7 25. Qxa6 Qxh2+ 26. Kf1 Bc7 27. Ke2 f5 28. Qa7 f4 29. Qa6 Qh5+ 30. f3 fxe3 31. Rc1 Bg3 32. Rbc3 Bxe1 33. Rxe1 exf3+ 0-1

[Event "SVK-chT2C 1920"]
[Site "Slovakia"]
[Date "2019.12.15"]
[Round "6.7"]
[White "Faber, Peter"]
[Black "Minich, Miroslav"]
[Result "1-0"]
[WhiteElo "1877"]
[BlackElo "1950"]
[PlyCount "58"]
[EventDate "2019.10.26"]
[EventType "team-tourn"]
[EventRounds "11"]
[EventCountry "SVK"]
[SourceTitle "CBM 194 Extra"]
[Source "ChessBase"]
[SourceDate "2020.03.31"]
[SourceVersion "1"]
[SourceVersionDate "2020.03.31"]
[SourceQuality "1"]
[WhiteTeam "Detva"]
[BlackTeam "Zvolen Slavia"]
[WhiteTeamCountry "SVK"]
[BlackTeamCountry "SVK"]

1. e3 d5 2. b3 Nf6 3. Bb2 Bf5 4. Nf3 Nbd7 5. c4 e6 6. Nc3 c6 7. Nh4 Bg4 8. Be2 Bxe2 9. Qxe2 Nc5 10. b4 Nce4 11. d3 Bxb4 12. Rc1 Nxc3 13. Bxc3 Bxc3+ 14. Rxc3 Qa5 15. Qc2 dxc4 16. 0-0 cxd3 17. Rxd3 0-0 18. f4 Nd5 19. Rb3 Rfd8 20. f5 e5 21. f6 Qa4 22. e4 Nxf6 23. Rxf6 gxf6 24. Rg3+ Kh8 25. Qxa4 Rd4 26. Qb3 Rad8 27. Qxf7 Rd1+ 28. Kf2 R8d2+ 29. Kf3 Rf1+ 1-0

[Event "SVK-chT2C 1819"]
[Site "Slovakia"]
[Date "2019.04.06"]
[Round "10.6"]
[White "Minich, Miroslav"]
[Black "Holly, Andrej"]
[Result "0-1"]
[WhiteElo "1935"]
[BlackElo "2101"]
[PlyCount "88"]
[EventDate "2018.10.13"]
[EventType "team-tourn"]
[EventRounds "11"]
[EventCountry "SVK"]
[SourceTitle "EXT 2020"]
[Source "ChessBase"]
[SourceDate "2019.10.17"]
[SourceVersion "1"]
[SourceVersionDate "2019.10.17"]
[SourceQuality "1"]
[WhiteTeam "Zvolen Slavia"]
[BlackTeam "Ondrasova Krivan"]
[WhiteTeamCountry "SVK"]
[BlackTeamCountry "SVK"]

1. c3 Nf6 2. Nf3 g6 3. d4 Bg7 4. Qc2 d6 5. Nbd2 0-0 6. e4 Nc6 7. Bd3 e5 8. d5 Ne7 9. Nf1 Ne8 10. h4 f5 11. h5 Nf6 12. hxg6 hxg6 13. Ng5 f4 14. Nh2 Nh5 15. Nhf3 Bf6 16. Ne6 Bxe6 17. dxe6 Ng7 18. Qb3 Qc8 19. Bd2 c6 20. 0-0-0 Qxe6 21. Bc4 d5 22. Bd3 dxe4 23. Qxe6+ Nxe6 24. Bxe4 Ng5 25. Nxg5 Bxg5 26. Rde1 Bf6 27. c4 Kg7 28. Bc3 Rfe8 29. Rh3 Nf5 30. Reh1 Rh8 31. Rxh8 Rxh8 32. Rxh8 Kxh8 33. Kc2 Kg7 34. b4 Nd6 35. Kd3 Kf7 36. Bf3 e4+ 37. Bxe4 Nxe4 38. Be1 Nd6 39. c5 Nb5 40. a4 Nc7 41. Ke4 Nd5 42. b5 Bc3 43. bxc6 bxc6 44. Bxc3 Nxc3+ 0-1

[Event "SVK-chT2C 1718"]
[Site "Slovakia"]
[Date "2018.02.25"]
[Round "9.7"]
[White "Vyletel, Samuel"]
[Black "Minich, Miroslav"]
[Result "1/2-1/2"]
[WhiteElo "1766"]
[BlackElo "1939"]
[PlyCount "55"]
[EventDate "2017.10.28"]
[EventType "team-tourn"]
[EventRounds "11"]
[EventCountry "SVK"]
[SourceTitle "EXT 2019"]
[Source "ChessBase"]
[SourceDate "2018.10.10"]
[SourceVersion "1"]
[SourceVersionDate "2018.10.10"]
[SourceQuality "1"]
[WhiteTeam "Rajecke Teplice"]
[BlackTeam "Zvolen Slavia"]
[WhiteTeamCountry "SVK"]
[BlackTeamCountry "SVK"]

1. b3 d5 2. Bb2 Bf5 3. e3 e6 4. Nf3 Nf6 5. c4 c6 6. Nc3 Bd6 7. d4 Nbd7 8. Be2 0-0 9. 0-0 Re8 10. Nh4 Bg6 11. Nxg6 hxg6 12. f4 a6 13. a4 c5 14. g3 Qb6 15. Ba3 cxd4 16. Qxd4 Bxa3 17. Qxb6 Nxb6 18. Rxa3 Rac8 19. a5 Nbd7 20. Rc1 e5 21. Raa1 exf4 22. Nxd5 Nc5 23. Nxf6+ gxf6 24. Bf3 Rxe3 25. Bd5 Rc7 26. gxf4 Nxb3 27. Ra3 Nxc1 28. Rxe3 1/2-1/2

[Event "SVK-chT2C 1718"]
[Site "Slovakia"]
[Date "2018.01.14"]
[Round "6.7"]
[White "Minich, Miroslav"]
[Black "Sedlar, Jozef"]
[Result "1/2-1/2"]
[WhiteElo "1939"]
[BlackElo "1923"]
[PlyCount "78"]
[EventDate "2017.10.28"]
[EventType "team-tourn"]
[EventRounds "11"]
[EventCountry "SVK"]
[SourceTitle "EXT 2019"]
[Source "ChessBase"]
[SourceDate "2018.10.10"]
[SourceVersion "1"]
[SourceVersionDate "2018.10.10"]
[SourceQuality "1"]
[WhiteTeam "Zvolen Slavia"]
[BlackTeam "Banska Bystrica Kurta"]
[WhiteTeamCountry "SVK"]
[BlackTeamCountry "SVK"]

1. e4 c6 2. d4 d5 3. exd5 cxd5 4. Nf3 Nc6 5. c3 Qb6 6. Bd3 Bg4 7. 0-0 Nf6 8. Nbd2 e6 9. Re1 Bd6 10. h3 Bh5 11. Qe2 0-0 12. Nf1 Rac8 13. Bg5 Nd7 14. N1h2 Rfe8 15. Qd2 Bg6 16. Re2 Na5 17. Ne5 Bxe5 18. dxe5 Nc4 19. Bxc4 Rxc4 20. Be3 Qa6 21. Bd4 Rec8 22. Qe3 b5 23. Ng4 h5 24. Nh2 b4 25. Nf3 bxc3 26. bxc3 Ra4 27. Rb2 Rb8 28. Rxb8+ Nxb8 29. Qg5 Nc6 30. Qd2 Qc4 31. Qb2 Be4 32. Ng5 Qa6 33. a3 Qc8 34. Nxe4 dxe4 35. Qc2 Qa6 36. Qxe4 Nxd4 37. cxd4 Rxa3 38. Qa8+ Kh7 39. Qe4+ Kg8 1/2-1/2

[Event "SVK-chT2C 1617"]
[Site "Slovakia"]
[Date "2017.03.11"]
[Round "10.6"]
[White "Minich, Miroslav"]
[Black "Adamciak, Tomas"]
[Result "1/2-1/2"]
[WhiteElo "1940"]
[BlackElo "2031"]
[PlyCount "35"]
[EventDate "2016.10.08"]
[EventType "team-tourn"]
[EventRounds "11"]
[EventCountry "SVK"]
[SourceTitle "EXT 2018"]
[Source "ChessBase"]
[SourceDate "2017.10.13"]
[SourceVersion "1"]
[SourceVersionDate "2017.10.13"]
[SourceQuality "1"]
[WhiteTeam "Banska Bystrica Veza"]
[BlackTeam "Liptov Chess School III"]
[WhiteTeamCountry "SVK"]
[BlackTeamCountry "SVK"]

1. e4 c5 2. Nf3 e6 3. c4 Nc6 4. Nc3 d6 5. Be2 Nf6 6. 0-0 Be7 7. d4 cxd4 8. Nxd4 0-0 9. Be3 Bd7 10. Ndb5 Be8 11. Bf4 e5 12. Be3 a6 13. Na3 Rc8 14. Qd2 Nb8 15. Nc2 Bc6 16. f3 Bd7 17. Nb4 Be6 18. Nbd5 1/2-1/2

[Event "SVK-chT2C 1617"]
[Site "Slovakia"]
[Date "2016.11.05"]
[Round "3.5"]
[White "Minich, Miroslav"]
[Black "Koren, Jan"]
[Result "1/2-1/2"]
[WhiteElo "1940"]
[BlackElo "2092"]
[PlyCount "59"]
[EventDate "2016.10.08"]
[EventType "team-tourn"]
[EventRounds "11"]
[EventCountry "SVK"]
[SourceTitle "CBM 175 Extra"]
[Source "ChessBase"]
[SourceDate "2016.12.12"]
[SourceVersion "1"]
[SourceVersionDate "2016.12.12"]
[SourceQuality "1"]
[WhiteTeam "Banska Bystrica Veza"]
[BlackTeam "Zilina Mladost II"]
[WhiteTeamCountry "SVK"]
[BlackTeamCountry "SVK"]

1. c4 Nf6 2. Nf3 d6 3. Nc3 g6 4. g3 Bg7 5. Bg2 0-0 6. 0-0 c6 7. d3 Nbd7 8. Bd2 Rb8 9. Qc1 Qc7 10. Bh6 e5 11. Bxg7 Kxg7 12. a4 Nc5 13. Qc2 a5 14. Nd2 Nh5 15. e3 f5 16. f4 Na6 17. Nf3 Nf6 18. Qd2 Re8 19. Rad1 Be6 20. b3 Rbd8 21. h3 Bg8 22. Kh2 Re7 23. Nh4 exf4 24. exf4 Nc5 25. d4 Nce4 26. Qc2 d5 27. c5 Rde8 28. Nf3 Nxc3 29. Qxc3 Re3 30. Qc2 1/2-1/2

[Event "SVK-chT2C 1516"]
[Site "Slovakia"]
[Date "2016.01.24"]
[Round "7.5"]
[White "Kral, Peter"]
[Black "Minich, Miroslav"]
[Result "1/2-1/2"]
[WhiteElo "2070"]
[BlackElo "1944"]
[PlyCount "118"]
[EventDate "2015.10.17"]
[EventType "team-tourn"]
[EventRounds "11"]
[EventCountry "SVK"]
[SourceTitle "CBM 170 Extra"]
[Source "ChessBase"]
[SourceDate "2016.02.25"]
[SourceVersion "1"]
[SourceVersionDate "2016.02.25"]
[SourceQuality "1"]
[WhiteTeam "Filakovo"]
[BlackTeam "Banska Bystrica Veza"]
[WhiteTeamCountry "SVK"]
[BlackTeamCountry "SVK"]

1. e4 c6 2. d4 d5 3. exd5 cxd5 4. Bd3 Nf6 5. h3 e6 6. Nf3 Bd6 7. 0-0 0-0 8. Re1 b6 9. Ne5 Qc7 10. Qe2 Bb7 11. Nd2 Nc6 12. c3 a6 13. g4 b5 14. a3 Nd7 15. Ndf3 Ndxe5 16. dxe5 Bc5 17. Bd2 Rae8 18. g5 Rd8 19. Nh2 Nxe5 20. Bf4 f6 21. Bxh7+ Kf7 22. Ng4 Bd6 23. gxf6 Nf3+ 24. Qxf3 Bxf4 25. Qd3 gxf6 26. Qg6+ Ke7 27. Re2 Bc8 28. Ne3 Bxe3 29. Rxe3 Qf4 30. Qg3 Qh6 31. Bf5 Rg8 32. Bg4 f5 33. Qc7+ Rd7 34. Qc5+ Rd6 35. Rae1 fxg4 36. Rg3 Bd7 37. hxg4 Rh8 38. Kf1 Qh1+ 39. Ke2 Qe4+ 40. Kd2 Qf4+ 41. Kc2 d4 42. Re2 Rh1 43. Rd2 Rh2 44. Rgd3 Rxf2 45. Rxf2 Qxf2+ 46. Kb3 e5 47. cxd4 Be6+ 48. Kb4 Qxb2+ 49. Ka5 Qf2 50. Qxe5 Qf8 51. Kb4 a5+ 52. Kxa5 Qa8+ 53. Kb4 Qa4+ 54. Kc3 Rc6+ 55. Kd2 Qc2+ 56. Ke3 Qc1+ 57. Ke4 Qh1+ 58. Rf3 Qh7+ 59. Kf4 Qh2+ 1/2-1/2

[Event "SVK-chT2C 1516"]
[Site "Slovakia"]
[Date "2015.10.17"]
[Round "1.6"]
[White "Minich, Miroslav"]
[Black "Murin, Pavol"]
[Result "0-1"]
[WhiteElo "1928"]
[BlackElo "2017"]
[PlyCount "102"]
[EventDate "2015.10.17"]
[EventType "team-tourn"]
[EventRounds "11"]
[EventCountry "SVK"]
[SourceTitle "CBM 169 Extra"]
[Source "ChessBase"]
[SourceDate "2015.12.18"]
[SourceVersion "1"]
[SourceVersionDate "2015.12.18"]
[SourceQuality "1"]
[WhiteTeam "Banska Bystrica Veza"]
[BlackTeam "Dolny Kubin"]
[WhiteTeamCountry "SVK"]
[BlackTeamCountry "SVK"]

1. c4 Nf6 2. Nc3 e5 3. g3 Bb4 4. Bg2 Bxc3 5. bxc3 0-0 6. d4 d6 7. Nf3 Nc6 8. 0-0 Bf5 9. Nh4 Bd7 10. Nf3 Re8 11. Bg5 Rb8 12. e3 h6 13. Bxf6 Qxf6 14. Nd2 Qg6 15. a3 Kh8 16. Re1 f5 17. Bf3 Qf6 18. Rb1 g5 19. d5 Ne7 20. e4 g4 21. Bg2 f4 22. Qc1 Ng6 23. Nf1 h5 24. Rb2 Re7 25. Qd2 b6 26. Reb1 Rh7 27. Qd3 a5 28. Bh1 h4 29. Rd1 Rf8 30. Rdd2 hxg3 31. fxg3 Rhf7 32. Rf2 Qe7 33. Qd2 Kg8 34. Qe1 Qg5 35. Qd2 Qe7 36. Qe1 Rh7 37. Bg2 Rf6 38. Bh1 Qf8 39. Bg2 Qh6 40. Qd2 Nh8 41. Qd3 Nf7 42. Qd2 Ng5 43. gxf4 exf4 44. c5 f3 45. cxb6 cxb6 46. Qd4 Rhf7 47. Rxb6 fxg2 48. Rb8+ Kh7 49. Rxf6 Rxf6 50. Nd2 Nf3+ 51. Nxf3 gxf3 0-1

[Event "SVK-chT2C 1314"]
[Site "Slovakia"]
[Date "2014.01.12"]
[Round "6.7"]
[White "Gajdosik, Vladislav"]
[Black "Minich, Miroslav"]
[Result "1/2-1/2"]
[WhiteElo "2010"]
[BlackElo "1962"]
[PlyCount "47"]
[EventDate "2013.10.19"]
[EventType "team-tourn"]
[EventRounds "11"]
[EventCountry "SVK"]
[SourceTitle "EXT 2015"]
[Source "ChessBase"]
[SourceDate "2014.11.20"]
[SourceVersion "1"]
[SourceVersionDate "2014.11.20"]
[SourceQuality "1"]
[WhiteTeam "Banska Bystrica Veza"]
[BlackTeam "Zvolen Slavia"]
[WhiteTeamCountry "SVK"]
[BlackTeamCountry "SVK"]

1. d4 d5 2. c4 c6 3. Nf3 Nf6 4. Nc3 e6 5. e3 Nbd7 6. Qc2 a6 7. cxd5 exd5 8. Bd3 Bd6 9. h3 0-0 10. 0-0 Re8 11. a3 Nf8 12. b4 Bd7 13. Bb2 Qc8 14. Ne2 Bxh3 15. gxh3 Qxh3 16. Ng3 Bxg3 17. fxg3 Qxg3+ 18. Qg2 Qxg2+ 19. Kxg2 Rxe3 20. Rad1 Ng6 21. Bc1 Nf4+ 22. Kg3 Rxd3 23. Bxf4 Rxd1 24. Rxd1 1/2-1/2

[Event "SVK-chT2C 1314"]
[Site "Slovakia"]
[Date "2013.10.20"]
[Round "2.6"]
[White "Tropp, Frantisek"]
[Black "Minich, Miroslav"]
[Result "1-0"]
[WhiteElo "2091"]
[BlackElo "1962"]
[PlyCount "55"]
[EventDate "2013.10.19"]
[EventType "team-tourn"]
[EventRounds "11"]
[EventCountry "SVK"]
[SourceTitle "EXT 2015"]
[Source "ChessBase"]
[SourceDate "2014.11.20"]
[SourceVersion "1"]
[SourceVersionDate "2014.11.20"]
[SourceQuality "1"]
[WhiteTeam "Liptov Chess School II"]
[BlackTeam "Zvolen Slavia"]
[WhiteTeamCountry "SVK"]
[BlackTeamCountry "SVK"]

1. e4 c6 2. d4 d5 3. e5 Bf5 4. Nf3 e6 5. Be2 Nd7 6. 0-0 c5 7. c4 Bxb1 8. Rxb1 Ne7 9. dxc5 Nxc5 10. Be3 Nc6 11. b4 Ne4 12. Qc2 Bxb4 13. cxd5 exd5 14. Bb5 Bc3 15. Rb3 Qa5 16. Bd4 0-0 17. Bxc3 Qd8 18. Bd3 f5 19. exf6 Nxf6 20. Bxf6 Rxf6 21. Bxh7+ Kh8 22. Rxb7 Qd6 23. Bf5 Raf8 24. Bg4 Rh6 25. h3 Qf4 26. Qc1 Qa4 27. Rc7 Nd4 28. Nxd4 1-0

[Event "SVK-chT2C 1314"]
[Site "Slovakia"]
[Date "2013.10.19"]
[Round "1.5"]
[White "Miklas, Marian"]
[Black "Minich, Miroslav"]
[Result "1/2-1/2"]
[WhiteElo "2102"]
[BlackElo "1962"]
[PlyCount "38"]
[EventDate "2013.10.19"]
[EventType "team-tourn"]
[EventRounds "11"]
[EventCountry "SVK"]
[SourceTitle "EXT 2015"]
[Source "ChessBase"]
[SourceDate "2014.11.20"]
[SourceVersion "1"]
[SourceVersionDate "2014.11.20"]
[SourceQuality "1"]
[WhiteTeam "Banska Bystrica Kurta"]
[BlackTeam "Zvolen Slavia"]
[WhiteTeamCountry "SVK"]
[BlackTeamCountry "SVK"]

1. Nf3 d5 2. c4 c6 3. e3 Nf6 4. Nc3 e6 5. d4 Nbd7 6. Qc2 Bd6 7. cxd5 Nxd5 8. a3 0-0 9. Bd3 h6 10. 0-0 Qe7 11. e4 Nxc3 12. Qxc3 e5 13. Be3 Re8 14. Rae1 Rb8 15. Bb1 Qf6 16. dxe5 Nxe5 17. Bxa7 Ra8 18. Bd4 Nxf3+ 19. gxf3 Bxh2+ 1/2-1/2

[Event "Banska Bystrica op-B"]
[Site "Banska Bystrica"]
[Date "2013.09.14"]
[Round "5"]
[White "Minich, Miroslav"]
[Black "Danada, Tomas"]
[Result "1/2-1/2"]
[WhiteElo "1962"]
[BlackElo "2138"]
[PlyCount "33"]
[EventDate "2013.09.13"]
[EventType "swiss (rapid)"]
[EventRounds "9"]
[EventCountry "SVK"]
[SourceTitle "EXT 2014"]
[Source "ChessBase"]
[SourceDate "2013.11.20"]
[SourceVersion "1"]
[SourceVersionDate "2013.11.20"]
[SourceQuality "1"]

1. e4 g6 2. d4 Bg7 3. Be3 d5 4. e5 h5 5. Qd2 Nh6 6. Nc3 Bf5 7. h3 e6 8. Bg5 Qd7 9. Bb5 c6 10. Ba4 a6 11. Nge2 b5 12. Bb3 c5 13. dxc5 Qc7 14. 0-0-0 Qxe5 15. Bf4 Qf6 16. Bd6 Nc6 17. Rhe1 1/2-1/2

[Event "SVK-chT2C 1213"]
[Site "Slovakia"]
[Date "2013.03.17"]
[Round "11.6"]
[White "Haluska, Peter"]
[Black "Minich, Miroslav"]
[Result "1-0"]
[WhiteElo "1969"]
[BlackElo "1944"]
[PlyCount "89"]
[EventDate "2012.10.13"]
[EventType "team-tourn"]
[EventRounds "11"]
[EventCountry "SVK"]
[SourceTitle "EXT 2015"]
[Source "ChessBase"]
[SourceDate "2014.11.20"]
[SourceVersion "1"]
[SourceVersionDate "2014.11.20"]
[SourceQuality "1"]
[WhiteTeam "Dolny Kubin"]
[BlackTeam "Zvolen Slavia"]
[WhiteTeamCountry "SVK"]
[BlackTeamCountry "SVK"]

1. e4 c6 2. d4 d5 3. exd5 cxd5 4. Bd3 Nf6 5. h3 Nc6 6. c3 e6 7. Bf4 Bd6 8. Bxd6 Qxd6 9. Nf3 0-0 10. 0-0 a6 11. Nbd2 b6 12. Re1 Bb7 13. Ne5 Nd7 14. Nxc6 Bxc6 15. Nf3 b5 16. Qc2 h6 17. Qe2 Rfe8 18. Ne5 f6 19. Nxd7 Bxd7 20. Rad1 Qc7 21. Qd2 Re7 22. f4 Rf8 23. Bb1 Bc6 24. Qd3 f5 25. Re5 Rf6 26. Rde1 Be8 27. Qe2 g5 28. fxg5 hxg5 29. Bxf5 Rxf5 30. Rxf5 Rg7 31. Qxe6+ Bf7 32. Qe5 Qd8 33. Qe7 Qxe7 34. Rxe7 Kf8 35. Rexf7+ Rxf7 36. Rxf7+ Kxf7 37. Kf2 Kf6 38. Kf3 Kf5 39. g3 a5 40. g4+ Kf6 41. Kg3 b4 42. cxb4 axb4 43. a4 bxa3 44. bxa3 Ke6 45. h4 1-0